[Event "RUS-ch Rapid Men 2018"]
[Site "Sochi"]
[Date "2018.10.05"]
[Round "3"]
[White "Timofeev, Artyom"]
[Black "Sergeyev, Alexander"]
[Result "1-0"]
[WhiteElo "2580"]
[BlackElo "2397"]
[Annotator "TA"]
[PlyCount "62"]
[EventDate "2018.10.05"]
[EventType "swiss"]
[EventCountry "RUS"]
[SourceTitle "playchess.com"]
[Source "ChessBase"]
[SourceQuality "1"]

{[%evp 20,62,34,29,47,15,20,8,0,0,6,1,65,0,0,0,0,0,9,0,0,0,0,0,0,-27,-25,-28,-31,-28,-4,-15,-12,-8,25,27,152,149,144,153,150,141,197,191,297]} 1. c4 c6 2. Nf3 d5 3. e3 Nf6 4. Nc3 g6 5. d4 Bg7 6. Bd3 O-O 7. O-O Bg4 8. h3 Bxf3 9. Qxf3 e6 10. Rd1 Nbd7 11. b3 Qa5 {D94: Grünfeld: 4 Nf3 Bg7 5 e3} (11... Re8 12. Bb2 Rc8 13. Rac1 a6 14. Bf1 Qe7 15. Rc2 h5 16. e4 dxe4 17. Nxe4 Nxe4 18. Qxe4 Rcd8 19. Re2 Nb6 20. g3 {½-½ (46) Mamedyarov,S (2753)-Caruana,F (2774) Moscow 2013}) 12. Bb2 e5 $146 {Hoping for ...e4.} ({Predecessor:} 12... c5 13. a3 e5 14. Nxd5 cxd4 15. b4 Qd8 16. exd4 Nxd5 17. Qxd5 exd4 18. Bxd4 Ne5 19. Be4 Qxd5 20. Bxd5 {1-0 (31) Szirmai,E (2175)-Frank,J (2035) Budapest 2002}) 13. Bf1 exd4 {The position is equal.} 14. exd4 Rfe8 15. a3 Qb6 (15... Nf8 $11) 16. cxd5 ({Better is} 16. Rab1 $14) 16... Qxb3 $11 17. dxc6 bxc6 18. Rab1 Nd5 19. Nxd5 (19. Bb5 {keeps more tension.} cxb5 20. Qxd5 Qxd5 21. Nxd5 Rac8 22. Bc1) 19... Qxf3 20. gxf3 cxd5 21. Bb5 Red8 22. a4 Nf8 23. Bc1 Ne6 24. Be3 f5 25. Bc6 Rac8 26. Bb7 {[#] Strongly threatening Rb5.} Rc4 27. Rb5 Rxa4 (27... Nc7 $11 28. Rc5 Kf8) 28. Bxd5 $16 {White is clearly better.} Rxd5 29. Rxd5 {aiming for Rd6.} f4 30. Bd2 Bxd4 (30... Rxd4 $16 {is a better defense.} 31. Ba5 Rxd1+ 32. Rxd1 Bd4) 31. Rd6 $18 Ng5 {Precision: White = 46%, Black = 40%.} (31... Kf7 {was necessary.} 32. Rd7+ Kf6) 1-0

[Event "RUS-ch Rapid Men 2018"]
[Site "Sochi"]
[Date "2018.10.05"]
[Round "3"]
[White "Rozum, Ivan"]
[Black "Nazaretyan, Tigran"]
[Result "1-0"]
[WhiteElo "2573"]
[BlackElo "2248"]
[Annotator "RC"]
[PlyCount "129"]
[EventDate "2018.10.05"]
[EventType "swiss"]
[EventCountry "RUS"]
[SourceTitle "playchess.com"]
[Source "ChessBase"]
[SourceQuality "1"]
[TimeControl "900+10"]

1. c4 {[%emt 0:00:00]} e6 {[%emt 0:00:16]} 2. Nc3 {[%emt 0:00:09]} d5 {[%emt 0:00:03]} 3. e3 {[%emt 0:00:03]} Nf6 {[%emt 0:00:15]} 4. Nf3 {[%emt 0:00:02]} Be7 {[%emt 0:00:33]} 5. b3 {[%emt 0:00:03]} O-O {[%emt 0:00:07]} 6. Bb2 {[%emt 0:00:02]} b6 {[%emt 0:00:36]} 7. cxd5 {[%emt 0:00:35]} Nxd5 {[%emt 0:00:18]} 8. Nxd5 {[%emt 0:00:14]} Qxd5 {[%emt 0:00:07]} 9. Qc2 {[%emt 0:00:11]} Ba6 {[%emt 0:02:52]} 10. Bc4 {[%emt 0:01:10]} Bxc4 {[%emt 0:00:46]} 11. bxc4 {[%emt 0:00:02]} Qb7 {[%emt 0:01:16]} 12. d4 {[%emt 0:00:27]} c5 {[%emt 0:00:41]} 13. dxc5 {[%emt 0:00:47]} bxc5 {[%emt 0:01:57]} 14. h4 {[%emt 0:00:02]} f6 {[%emt 0:01:30]} 15. Ke2 {[%emt 0:00:48]} Nc6 {[%emt 0:00:51]} 16. a3 {[%emt 0:00:31]} Rab8 {[%emt 0:00:18]} 17. Rab1 {[%emt 0:00:15]} Qa6 {[%emt 0:02:20]} 18. g4 {[%emt 0:02:07]} Na5 {[%emt 0:00:42]} 19. Rhc1 {[%emt 0:00:57]} Rfd8 {[%emt 0:00:45]} 20. Qa4 {[%emt 0:00:35]} Rb6 {[%emt 0:00:27]} 21. Bc3 {[%emt 0:01:12]} Nb3 {[%emt 0:00:08]} 22. Qxa6 {[%emt 0:00:29]} Nxc1+ {[%emt 0:00:02]} 23. Rxc1 {[%emt 0:00:02]} Rxa6 {[%emt 0:00:02]} 24. Bb2 {[%emt 0:00:07]} Rb8 {[%emt 0:00:06]} 25. Rc2 {[%emt 0:00:01]} Rab6 {[%emt 0:00:09]} 26. Bc1 {[%emt 0:00:04]} Kf7 {[%emt 0:00:31]} 27. Nd2 {[%emt 0:00:37]} h5 {[%emt 0:00:09]} 28. gxh5 {[%emt 0:02:01]} Rh8 {[%emt 0:00:05]} 29. e4 {[%emt 0:00:10]} Rxh5 {[%emt 0:00:11]} 30. Nf3 {[%emt 0:00:01]} Rh8 {[%emt 0:00:21]} 31. Kf1 {[%emt 0:00:21]} Rd8 {[%emt 0:00:06]} 32. Ke2 {[%emt 0:00:11]} Rb3 {[%emt 0:00:07]} 33. Ne1 {[%emt 0:00:17]} Rd4 {[%emt 0:00:20]} 34. f3 {[%emt 0:00:06]} Rd8 {[%emt 0:00:08]} 35. Ng2 {[%emt 0:00:08]} Bd6 {[%emt 0:00:08]} 36. Bf4 {[%emt 0:00:57]} Bxf4 {[%emt 0:00:10]} 37. Nxf4 {[%emt 0:00:01]} Rxa3 {[%emt 0:00:03]} 38. Rb2 {[%emt 0:00:05]} Rd7 {[%emt 0:00:21]} 39. h5 {[%emt 0:00:10]} Ra6 {[%emt 0:00:29]} 40. Rb5 {[%emt 0:00:11]} Rc6 {[%emt 0:00:17]} 41. Ng6 {[%emt 0:00:12]} Rc8 {[%emt 0:00:07]} 42. f4 {[%emt 0:00:15]} Kg8 {[%emt 0:00:09]} 43. Ra5 {[%emt 0:00:28]} Kh7 {[%emt 0:00:14]} 44. Ra6 {[%emt 0:00:01]} e5 {[%emt 0:00:11]} 45. fxe5 {[%emt 0:00:11]} fxe5 {[%emt 0:00:02]} 46. Ke3 {[%emt 0:00:22]} Rd1 {[%emt 0:00:32]} 47. Rxa7 {[%emt 0:00:25]} Re8 {[%emt 0:00:23]} 48. Rc7 {[%emt 0:00:10]} Rh1 {[%emt 0:00:02]} 49. Ne7 {[%emt 0:00:17]} Rxh5 {[%emt 0:00:09]} 50. Nf5 {[%emt 0:00:09]} Rg5 {[%emt 0:00:19]} 51. Rxc5 {[%emt 0:00:02]} g6 {[%emt 0:00:00]} 52. Rc7+ {[%emt 0:00:00]} Kh8 {[%emt 0:00:05]} 53. Nd6 {[%emt 0:00:00]} Rf8 {[%emt 0:00:19]} 54. Nf7+ {[%emt 0:00:00]} Rxf7 {[%emt 0:00:01]} 55. Rxf7 {[%emt 0:00:00]} Rg3+ {[%emt 0:00:02]} 56. Kd2 {[%emt 0:00:18]} Rg4 {[%emt 0:00:23]} 57. c5 {[%emt 0:01:05]} Kg8 {[%emt 0:00:08]} 58. Rb7 {[%emt 0:00:02]} Rg2+ {[%emt 0:00:36]} 59. Kd3 {[%emt 0:00:08]} Rg3+ {[%emt 0:00:08]} 60. Kc4 {[%emt 0:00:02]} Rg1 {[%emt 0:00:14]} 61. c6 {[%emt 0:00:12]} Rc1+ {[%emt 0:00:19]} 62. Kd5 {[%emt 0:00:02]} Kf8 {[%emt 0:00:06]} 63. c7 {[%emt 0:00:25]} Ke8 {[%emt 0:00:01]} 64. Kd6 {[%emt 0:00:01]} Rd1+ {[%emt 0:00:19]} 65. Ke6 {[%emt 0:00:01]} 1-0

[Event "RUS-ch Rapid Men 2018"]
[Site "Sochi"]
[Date "2018.10.05"]
[Round "3"]
[White "Panarin, Mikhail"]
[Black "Daurbekov, Murad"]
[Result "1-0"]
[WhiteElo "2562"]
[BlackElo "2063"]
[Annotator "ChessBase"]
[PlyCount "89"]
[EventDate "2018.10.05"]
[EventType "swiss"]
[EventCountry "RUS"]
[SourceTitle "playchess.com"]
[Source "ChessBase"]
[SourceQuality "1"]
[TimeControl "900+10"]

1. e4 {[%emt 0:00:00]} e6 {[%emt 0:00:00]} 2. d4 {[%emt 0:00:00]} d5 {[%emt 0:00:00]} 3. Nd2 {[%emt 0:00:00]} c5 {[%emt 0:00:00]} 4. exd5 {[%emt 0:00:00]} Qxd5 {[%emt 0:00:01]} 5. Ngf3 {[%emt 0:00:00]} cxd4 {[%emt 0:00:03]} 6. Bc4 {[%emt 0:00:02]} Qd8 {[%emt 0:00:12]} 7. O-O {[%emt 0:00:03]} Nc6 {[%emt 0:00:02]} 8. Nb3 {[%emt 0:00:03]} a6 {[%emt 0:00:04]} 9. a4 {[%emt 0:00:02]} Nf6 {[%emt 0:00:22]} 10. Qe2 {[%emt 0:00:13]} Be7 {[%emt 0:00:46]} 11. Rd1 {[%emt 0:00:04]} Qc7 {[%emt 0:00:30]} 12. Nbxd4 {[%emt 0:00:32]} Nxd4 {[%emt 0:00:58]} 13. Rxd4 {[%emt 0:00:18]} O-O {[%emt 0:00:24]} 14. Bf4 {[%emt 0:01:13]} Qb6 {[%emt 0:00:44]} 15. c3 {[%emt 0:00:23]} Bd7 {[%emt 0:01:09]} 16. Ne5 {[%emt 0:03:24]} Rfd8 {[%emt 0:02:15]} 17. a5 {[%emt 0:01:00]} Qc5 {[%emt 0:01:24]} 18. Nxd7 {[%emt 0:00:58]} Rxd7 {[%emt 0:00:10]} 19. Rxd7 {[%emt 0:00:08]} Nxd7 {[%emt 0:00:02]} 20. Bxe6 {[%emt 0:00:15]} Nf6 {[%emt 0:01:54]} 21. Bb3 {[%emt 0:00:37]} Re8 {[%emt 0:00:44]} 22. Be3 {[%emt 0:01:14]} Qc8 {[%emt 0:02:23]} 23. Qc4 {[%emt 0:01:18]} Qxc4 {[%emt 0:00:11]} 24. Bxc4 {[%emt 0:00:01]} Bd8 {[%emt 0:00:19]} 25. Bd4 {[%emt 0:00:16]} Bc7 {[%emt 0:01:11]} 26. h3 {[%emt 0:00:33]} h6 {[%emt 0:00:40]} 27. Kf1 {[%emt 0:00:22]} Ne4 {[%emt 0:00:28]} 28. Bd5 {[%emt 0:00:29]} Nd2+ {[%emt 0:01:01]} 29. Kg1 {[%emt 0:00:02]} Rd8 {[%emt 0:00:04]} 30. Ba2 {[%emt 0:04:12]} Bxa5 {[%emt 0:00:32]} 31. f3 {[%emt 0:00:02]} Bc7 {[%emt 0:00:38]} 32. Rd1 {[%emt 0:00:29]} Bf4 {[%emt 0:00:10]} 33. Kf2 {[%emt 0:00:01]} h5 {[%emt 0:00:29]} 34. Ke2 {[%emt 0:00:51]} h4 {[%emt 0:00:28]} 35. Rxd2 {[%emt 0:00:19]} Bxd2 {[%emt 0:00:02]} 36. Kxd2 {[%emt 0:00:01]} Rd6 {[%emt 0:00:00]} 37. Ke3 {[%emt 0:00:14]} Rg6 {[%emt 0:00:33]} 38. Kf2 {[%emt 0:00:02]} Kf8 {[%emt 0:00:04]} 39. Bd5 {[%emt 0:00:08]} b5 {[%emt 0:00:11]} 40. f4 {[%emt 0:00:28]} Ke8 {[%emt 0:00:19]} 41. Bc5 {[%emt 0:00:02]} Rf6 {[%emt 0:00:06]} 42. Ke3 {[%emt 0:00:05]} Rf5 {[%emt 0:00:14]} 43. Ke4 {[%emt 0:00:06]} g6 {[%emt 0:00:01]} 44. b4 {[%emt 0:00:21]} Kd7 {[%emt 0:00:18]} 45. Bf2 {[%emt 0:00:16]} 1-0

[Event "RUS-ch Rapid Men 2018"]
[Site "Sochi"]
[Date "2018.10.05"]
[Round "3"]
[White "Smagin, Sergey"]
[Black "Kobalia, Mikhail"]
[Result "1/2-1/2"]
[WhiteElo "2551"]
[BlackElo "2620"]
[Annotator "RC"]
[PlyCount "40"]
[EventDate "2018.10.05"]
[EventType "swiss"]
[EventCountry "RUS"]
[SourceTitle "playchess.com"]
[Source "ChessBase"]
[SourceQuality "1"]
[TimeControl "900+10"]

1. e4 {[%emt 0:00:00]} c5 {[%emt 0:00:00]} 2. Nf3 {[%emt 0:00:00]} e6 {[%emt 0:00:00]} 3. c3 {[%emt 0:00:00]} Nf6 {[%emt 0:00:00]} 4. e5 {[%emt 0:00:00]} Nd5 {[%emt 0:00:00]} 5. Na3 {[%emt 0:00:06]} d6 {[%emt 0:00:34]} 6. Nc4 {[%emt 0:00:09]} dxe5 {[%emt 0:00:02]} 7. Ncxe5 {[%emt 0:00:01]} Nd7 {[%emt 0:00:19]} 8. Nxd7 {[%emt 0:02:02]} Bxd7 {[%emt 0:00:05]} 9. Ne5 {[%emt 0:00:01]} Bd6 {[%emt 0:00:13]} 10. Nxd7 {[%emt 0:00:20]} Qxd7 {[%emt 0:00:02]} 11. d4 {[%emt 0:00:03]} cxd4 {[%emt 0:00:14]} 12. Qxd4 {[%emt 0:00:07]} O-O {[%emt 0:00:03]} 13. Be2 {[%emt 0:00:28]} Qc7 {[%emt 0:00:09]} 14. Qc4 {[%emt 0:00:56]} Nf4 {[%emt 0:02:48]} 15. Qxc7 {[%emt 0:01:14]} Bxc7 {[%emt 0:00:01]} 16. Bf3 {[%emt 0:02:00]} Nd3+ {[%emt 0:00:25]} 17. Ke2 {[%emt 0:00:03]} Nxc1+ {[%emt 0:00:40]} 18. Raxc1 {[%emt 0:00:03]} Rad8 {[%emt 0:00:06]} 19. Rcd1 {[%emt 0:00:21]} b6 {[%emt 0:00:01]} 20. h3 {[%emt 0:00:06]} f5 1/2-1/2

[Event "RUS-ch Rapid Men 2018"]
[Site "Sochi"]
[Date "2018.10.05"]
[Round "3"]
[White "Sviridov, Valery"]
[Black "Antipov, Mikhail Al."]
[Result "0-1"]
[WhiteElo "2551"]
[BlackElo "2593"]
[Annotator "RC"]
[PlyCount "130"]
[EventDate "2018.10.05"]
[EventType "swiss"]
[EventCountry "RUS"]
[SourceTitle "playchess.com"]
[Source "ChessBase"]
[SourceQuality "1"]
[TimeControl "900+10"]

1. Nf3 {[%emt 0:00:00]} Nf6 {[%emt 0:00:00]} 2. g3 {[%emt 0:00:00]} d5 {[%emt 0:00:00]} 3. Bg2 {[%emt 0:00:00]} c6 {[%emt 0:00:00]} 4. O-O {[%emt 0:00:03]} a6 {[%emt 0:00:00]} 5. d3 {[%emt 0:00:03]} Bf5 {[%emt 0:00:00]} 6. c4 {[%emt 0:00:11]} dxc4 {[%emt 0:00:00]} 7. dxc4 {[%emt 0:00:02]} Qxd1 {[%emt 0:00:01]} 8. Rxd1 {[%emt 0:00:03]} e6 {[%emt 0:00:10]} 9. Nc3 {[%emt 0:00:05]} Bc2 {[%emt 0:00:17]} 10. Re1 {[%emt 0:01:00]} Bg6 {[%emt 0:00:41]} 11. Ne5 {[%emt 0:01:07]} Nbd7 {[%emt 0:00:05]} 12. Nxg6 {[%emt 0:00:08]} hxg6 {[%emt 0:00:01]} 13. Rd1 {[%emt 0:00:37]} O-O-O {[%emt 0:03:26]} 14. Bg5 {[%emt 0:00:12]} Bb4 {[%emt 0:00:43]} 15. Ne4 {[%emt 0:00:43]} Nxe4 {[%emt 0:01:47]} 16. Bxd8 {[%emt 0:02:00]} Nxf2 {[%emt 0:00:02]} 17. Kxf2 {[%emt 0:00:02]} Kxd8 {[%emt 0:00:03]} 18. h3 {[%emt 0:00:10]} Bc5+ {[%emt 0:00:29]} 19. e3 {[%emt 0:00:06]} Ke7 {[%emt 0:00:09]} 20. b4 {[%emt 0:00:12]} Bd6 {[%emt 0:00:53]} 21. Rab1 {[%emt 0:00:42]} Rc8 {[%emt 0:03:05]} 22. Rd2 {[%emt 0:01:54]} Rc7 {[%emt 0:01:09]} 23. c5 {[%emt 0:00:19]} Be5 {[%emt 0:00:02]} 24. a3 {[%emt 0:01:40]} Rc8 {[%emt 0:00:17]} 25. Rbd1 {[%emt 0:00:08]} Nf6 {[%emt 0:00:09]} 26. Bf3 {[%emt 0:00:17]} g5 {[%emt 0:00:10]} 27. Rb1 {[%emt 0:00:19]} g6 {[%emt 0:01:42]} 28. Rc2 {[%emt 0:00:27]} Nd7 {[%emt 0:00:27]} 29. a4 {[%emt 0:00:21]} Rc7 {[%emt 0:00:10]} 30. Rbc1 {[%emt 0:01:06]} Bf6 {[%emt 0:00:28]} 31. Be2 {[%emt 0:00:05]} Ke8 {[%emt 0:00:59]} 32. Bf3 {[%emt 0:03:42]} Be7 {[%emt 0:00:12]} 33. Be2 {[%emt 0:00:08]} Rc8 {[%emt 0:00:03]} 34. Bf3 {[%emt 0:00:31]} Ne5 {[%emt 0:00:04]} 35. Be2 {[%emt 0:00:02]} Rd8 {[%emt 0:00:51]} 36. b5 {[%emt 0:00:13]} axb5 {[%emt 0:00:16]} 37. axb5 {[%emt 0:00:01]} Ra8 {[%emt 0:00:12]} 38. bxc6 {[%emt 0:00:03]} bxc6 {[%emt 0:00:01]} 39. Rb1 {[%emt 0:00:15]} Kf8 {[%emt 0:00:16]} 40. Rb4 {[%emt 0:00:44]} Ra5 {[%emt 0:00:22]} 41. Re4 {[%emt 0:00:09]} Nd7 {[%emt 0:00:20]} 42. Rd4 {[%emt 0:00:27]} Nxc5 {[%emt 0:00:31]} 43. Bf3 {[%emt 0:00:03]} Ra6 {[%emt 0:00:14]} 44. Rdc4 {[%emt 0:00:07]} Nd3+ {[%emt 0:00:04]} 45. Ke2 {[%emt 0:00:12]} Ne5 {[%emt 0:00:17]} 46. Re4 {[%emt 0:00:38]} Bd6 {[%emt 0:00:16]} 47. Rd4 {[%emt 0:00:04]} Ke7 {[%emt 0:00:11]} 48. Rdd2 {[%emt 0:00:43]} Bb4 {[%emt 0:00:57]} 49. Ra2 {[%emt 0:00:07]} Rb6 {[%emt 0:00:00]} 50. Rdc2 {[%emt 0:00:14]} Kf6 {[%emt 0:00:06]} 51. Be4 {[%emt 0:00:02]} c5 {[%emt 0:00:10]} 52. Ra1 {[%emt 0:00:08]} Rb8 {[%emt 0:00:04]} 53. Ra8 {[%emt 0:00:04]} Rb6 {[%emt 0:00:02]} 54. Ra1 {[%emt 0:00:01]} Kg7 {[%emt 0:00:09]} 55. Rcc1 {[%emt 0:00:34]} g4 {[%emt 0:00:46]} 56. hxg4 {[%emt 0:00:14]} Nxg4 {[%emt 0:00:01]} 57. Rab1 {[%emt 0:00:20]} Ne5 {[%emt 0:00:23]} 58. Bg2 {[%emt 0:00:27]} f5 {[%emt 0:00:06]} 59. Ra1 {[%emt 0:00:10]} Kf6 {[%emt 0:00:04]} 60. Rh1 {[%emt 0:00:12]} Bc3 {[%emt 0:00:04]} 61. Ra2 {[%emt 0:00:06]} Rb3 {[%emt 0:00:17]} 62. Rc1 {[%emt 0:00:18]} Bb4 {[%emt 0:00:06]} 63. Bf3 {[%emt 0:00:12]} c4 {[%emt 0:00:09]} 64. Rac2 {[%emt 0:00:13]} Ba3 {[%emt 0:00:21]} 65. Re1 {[%emt 0:00:12]} Bc5 {[%emt 0:00:02]} 0-1

[Event "RUS-ch Rapid Men 2018"]
[Site "Sochi"]
[Date "2018.10.05"]
[Round "3"]
[White "Iljiushenok, Ilia"]
[Black "Sadovsky, Artem"]
[Result "1-0"]
[WhiteElo "2539"]
[BlackElo "2408"]
[Annotator "ChessBase"]
[PlyCount "95"]
[EventDate "2018.10.05"]
[EventType "swiss"]
[EventCountry "RUS"]
[SourceTitle "playchess.com"]
[Source "ChessBase"]
[SourceQuality "1"]
[TimeControl "900+10"]

1. e4 {[%emt 0:00:00]} c6 {[%emt 0:00:00]} 2. d4 {[%emt 0:00:00]} d5 {[%emt 0:00:00]} 3. exd5 {[%emt 0:00:00]} cxd5 {[%emt 0:00:00]} 4. Bd3 {[%emt 0:00:00]} Nf6 {[%emt 0:00:07]} 5. h3 {[%emt 0:00:00]} Nc6 {[%emt 0:00:03]} 6. c3 {[%emt 0:00:00]} g6 {[%emt 0:00:32]} 7. Nf3 {[%emt 0:00:04]} Bg7 {[%emt 0:00:02]} 8. O-O {[%emt 0:00:08]} O-O {[%emt 0:00:05]} 9. Bf4 {[%emt 0:00:10]} Ne4 {[%emt 0:00:27]} 10. Re1 {[%emt 0:00:52]} f5 {[%emt 0:00:38]} 11. Qc1 {[%emt 0:01:53]} Re8 {[%emt 0:01:03]} 12. Nbd2 {[%emt 0:01:33]} Qb6 {[%emt 0:01:51]} 13. Re2 {[%emt 0:00:41]} Bd7 {[%emt 0:00:59]} 14. Nb3 {[%emt 0:00:57]} Rac8 {[%emt 0:00:59]} 15. Qe3 {[%emt 0:00:02]} Na5 {[%emt 0:02:38]} 16. Nxa5 {[%emt 0:00:20]} Qxa5 {[%emt 0:00:04]} 17. a4 {[%emt 0:03:50]} Red8 {[%emt 0:04:08]} 18. Ne5 {[%emt 0:00:41]} Bf6 {[%emt 0:01:05]} 19. f3 {[%emt 0:02:14]} Nxc3 {[%emt 0:02:20]} 20. bxc3 {[%emt 0:00:29]} Qxc3 {[%emt 0:00:02]} 21. Ree1 {[%emt 0:00:25]} Be8 {[%emt 0:00:28]} 22. g4 {[%emt 0:01:44]} Kh8 {[%emt 0:00:16]} 23. gxf5 {[%emt 0:00:33]} g5 {[%emt 0:00:03]} 24. Bg3 {[%emt 0:00:24]} Bh5 {[%emt 0:00:20]} 25. a5 {[%emt 0:00:04]} Kg7 {[%emt 0:00:42]} 26. Rec1 {[%emt 0:00:36]} Qb4 {[%emt 0:00:08]} 27. Rcb1 {[%emt 0:00:02]} Qc3 {[%emt 0:00:06]} 28. Be1 {[%emt 0:00:36]} Qc7 {[%emt 0:00:07]} 29. Rb2 {[%emt 0:00:06]} b6 {[%emt 0:00:24]} 30. axb6 {[%emt 0:00:11]} axb6 {[%emt 0:00:01]} 31. Rab1 {[%emt 0:00:01]} Rd6 {[%emt 0:00:08]} 32. Ng4 {[%emt 0:00:16]} Bxg4 {[%emt 0:00:16]} 33. hxg4 {[%emt 0:00:01]} Rc6 {[%emt 0:00:12]} 34. Kg2 {[%emt 0:00:02]} Qa7 {[%emt 0:00:13]} 35. Bg3 {[%emt 0:00:16]} Qa3 {[%emt 0:00:09]} 36. Rb3 {[%emt 0:00:19]} Qa2+ {[%emt 0:00:04]} 37. R1b2 {[%emt 0:00:02]} Qa1 {[%emt 0:00:15]} 38. Be5 {[%emt 0:00:01]} Kf7 {[%emt 0:00:13]} 39. Bxf6 {[%emt 0:00:14]} Rxf6 {[%emt 0:00:06]} 40. Rxb6 {[%emt 0:00:35]} Rcc6 {[%emt 0:00:01]} 41. Rxc6 {[%emt 0:00:06]} Qxb2+ {[%emt 0:00:04]} 42. Rc2 {[%emt 0:00:01]} Qb3 {[%emt 0:00:05]} 43. Re2 {[%emt 0:00:03]} Qa3 {[%emt 0:00:06]} 44. Bb5 {[%emt 0:00:05]} Qd6 {[%emt 0:00:07]} 45. Qe5 {[%emt 0:00:16]} h5 {[%emt 0:00:22]} 46. Qxd6 {[%emt 0:00:05]} Rxd6 {[%emt 0:00:03]} 47. gxh5 {[%emt 0:00:04]} Kf6 {[%emt 0:00:09]} 48. Re6+ {[%emt 0:00:01]} 1-0

[Event "RUS-ch Rapid Men 2018"]
[Site "Sochi"]
[Date "2018.10.05"]
[Round "3"]
[White "Sychev, Klementy"]
[Black "Artemiev, Vladislav"]
[Result "0-1"]
[WhiteElo "2534"]
[BlackElo "2706"]
[Annotator "TA"]
[PlyCount "124"]
[EventDate "2018.10.05"]
[EventType "swiss"]
[EventCountry "RUS"]
[SourceTitle "playchess.com"]
[Source "ChessBase"]
[SourceQuality "1"]

{[%evp 28,124,75,71,84,49,49,59,56,93,87,64,38,60,60,50,102,52,83,83,93,83,84,87,79,86,67,66,64,57,49,42,135,136,126,22,54,42,79,10,10,10,15,0,0,0,0,-8,0,-27,-36,-99,-118,-118,-118,-108,-118,-117,-115,-88,-12,-82,-81,-72,-68,-53,0,0,0,0,0,-8,-8,-14,-14,-16,-8,-66,-66,-213,-212,-708,-10,-13,-13,-17,-17,-4133,-3507,-4618,-1469,-4614,-4610,-29989,-29990,-29991,-29992,-29992,-29993]} 1. e4 c5 2. Nf3 d6 3. d4 cxd4 4. Nxd4 Nf6 5. Nc3 a6 6. Bg5 Nbd7 7. Bc4 Qa5 8. Qd2 e6 9. O-O-O b5 10. Bb3 Bb7 11. Rhe1 O-O-O 12. f3 {[%cal Bf2f3,Bf3f4,Bf4f5][%mdl 32] B94: Sicilian Najdorf: 6 Bg5 Nbd7} Kb8 13. Kb1 Rc8 14. Be3 Be7 15. a3 {LiveBook: 4 Games} Ne5 (15... Rhd8 16. Bf2 Nc5 17. Ba2 Nfd7 18. Nb3 Qc7 19. Qe3 Bf6 {½-½ (72) Bobras,P (2529)-Nasuta,G (2454) Poland 2017}) 16. Bf2 Nfd7 $146 ({Predecessor:} 16... Nc4 17. Bxc4 Rxc4 18. Nb3 Qc7 19. Na2 Nd7 20. Qe3 Ne5 21. Qa7+ Kc8 22. Bb6 Qb8 23. Na5 {½-½ (23) Wittmann,W (2380)-Danner,G (2410) Lienz 1981}) 17. f4 Nc4 $1 {[%cal Rc4d2]} 18. Bxc4 $1 Rxc4 19. f5 e5 20. Nb3 Qc7 $1 21. Qe3 Nf6 (21... g6 $14) 22. Qa7+ Kc8 {[%cal Rf6e4]} 23. Na5 Rxc3 24. Qxb7+ Qxb7 25. Nxb7 Rc6 26. Na5 Rc7 27. Bb6 Rd7 28. c4 Bd8 29. Bxd8 Rhxd8 (29... Kxd8 $14 30. cxb5 axb5) 30. cxb5 $16 axb5 31. Nc6 (31. Rc1+ $1 $16 Rc7 32. Nc6) 31... Re8 32. Nb4 d5 33. Nxd5 (33. Rc1+ $16 Kb7 34. exd5) 33... Nxd5 $11 34. exd5 $16 {[%mdl 4096] Endgame KRR-KRR} Kc7 35. Re3 Kd6 36. g4 Rc7 37. g5 e4 {[%cal Be5e4,Be4e3][%mdl 32]} 38. Rd4 Rc4 39. Rxc4 (39. Rd1 $15) 39... bxc4 $15 {KR-KR} 40. Kc2 Kxd5 41. Rh3 e3 {( -> ...e2)} 42. Kd1 {[#]} Ke4 $1 43. Ke2 Kxf5 (43... Rb8 $17 44. Rh4+ Kxf5 45. Kxe3 Kxg5 46. Rxc4 Rxb2 47. h4+ Kf5) 44. Rxh7 (44. g6 $11 fxg6 45. Rxh7) 44... Rb8 $17 45. Kxe3 Kg6 ({Much weaker is} 45... Rxb2 46. Rxg7 Rxh2 47. Rxf7+ Kxg5 48. Rc7 $11) 46. Rh4 Rb3+ ({Black should try} 46... Rxb2 $15 47. Rxc4 Rxh2) 47. Kd4 $11 Kxg5 48. Kxc4 Rxb2 49. Rh3 f5 50. Rg3+ Kf6 51. h3 Ra2 52. Kb4 (52. Kb3 $11 Ra1 53. Kb2) 52... g5 $15 53. a4 ({Better is} 53. Rf3 $15) 53... f4 $19 54. Rg1 $2 (54. Rc3) 54... Rh2 $2 (54... Kf5 $19 {White must now prevent ...Rh2.} 55. Rh1 f3) 55. a5 $11 Rxh3 56. a6 Rh8 {...Ra8 is the strong threat.} 57. Kc4 $2 {[%mdl 8192] [#]} (57. Kc3 $11) 57... Kf5 $1 $19 58. Ra1 Ke4 (58... f3 $142 59. a7 Ra8) 59. Rg1 f3 60. Rxg5 f2 {Black mates.} 61. Rg4+ Kf5 62. Rg7 f1=Q+ {Precision: White = 36%, Black = 56%.} 0-1

[Event "RUS-ch Rapid Men 2018"]
[Site "Sochi"]
[Date "2018.10.05"]
[Round "3"]
[White "Shcherbakov, Ruslan"]
[Black "Dubov, Daniil"]
[Result "0-1"]
[WhiteElo "2516"]
[BlackElo "2703"]
[Annotator "TA"]
[PlyCount "56"]
[EventDate "2018.10.05"]
[EventType "swiss"]
[EventCountry "RUS"]
[SourceTitle "playchess.com"]
[Source "ChessBase"]
[SourceQuality "1"]

{[%evp 9,56,0,5,-14,-11,-13,-20,-21,-12,-28,-29,-32,-20,-25,-12,-35,-21,-33,-27,-44,-54,-43,0,0,56,-14,0,0,0,-136,-137,-277,-29,-31,-8,-1,0,0,-19,-869,-851,-29992,-29993,-29994,-29995,-29995,-29996,-29996,-29995]} 1. e4 c5 2. Nf3 e6 3. b3 d6 4. Bb2 Bd7 (4... Nf6 5. Qe2 Nc6 6. g3 Be7 7. Bg2 O-O 8. O-O e5 9. c4 a6 10. Nc3 Rb8 11. Nd5 b5 12. d3 Re8 13. h3 Bf8 14. Qd2 a5 15. Kh2 g6 16. Ne1 Nxd5 17. cxd5 {½-½ (26) Salgado Lopez,I (2644)-Ding,L (2777) Riadh 2017}) 5. c4 e5 $146 ({Predecessor:} 5... Nc6 6. d4 cxd4 7. Nxd4 Nf6 8. Nc3 Qa5 9. Qd2 Nxd4 10. Qxd4 Bc6 11. Bd3 Rc8 {1-0 (34) Booij,J (2295)-Visser,Y (2320) Dieren 1988}) 6. Nc3 {B50: Sicilian: 2...d6, Miscellaneous} Nc6 7. g3 g6 8. Bg2 {The position is equal.} Bg7 9. h4 Nf6 10. d3 O-O 11. Nd5 Nxd5 12. cxd5 Nd4 13. Nxd4 cxd4 14. Qd2 f5 15. h5 f4 {Hoping for ...gxh5.} 16. hxg6 $1 hxg6 (16... fxg3 $11 17. gxh7+ Kh8 18. fxg3 Qf6) 17. O-O-O (17. gxf4 $14 Rxf4 18. Rc1) 17... a5 18. Kb1 a4 {aiming for ...fxg3.} 19. Qb4 (19. gxf4 $1 $11 {remains equal.} axb3 20. a3 (20. axb3 $2 Qb6 $19)) 19... axb3 {Threatens to win with ...fxg3.} 20. axb3 (20. gxf4 $17 {was the only defense.} bxa2+ 21. Ka1) 20... Ra6 $2 (20... fxg3 $19 21. fxg3 Qb8) 21. Bh3 Bxh3 (21... Rb6 $5 {[%cal Rb6b4]} 22. Qa5 Bxh3 23. Rxh3 fxg3 24. Rxg3 Rxf2 $17) 22. Rxh3 fxg3 23. Rxg3 Rxf2 24. Rxg6 $2 {[%mdl 8192] [#]} (24. Qc4 $11) 24... Qa8 $1 $19 {( -> ...Ra1+!)} 25. Rd2 {[#]} Ra1+ $1 {[%mdl 512] Black mates.} 26. Kc2 {[#]} (26. Bxa1 Rf1+) 26... Qa2 $1 {[%csl Ga1][%cal Ra2b1][%mdl 512]} 27. Rxg7+ Kxg7 {[%csl Ga1][%cal Ra2b1]} 28. Qxb7+ Kg6 {Precision: White = 36%, Black = 54%.} 0-1